| 000 | 01560nam a2200349 c 4500 | ||
|---|---|---|---|
| 003 | BLK | ||
| 005 | 20201127151459.0 | ||
| 008 | 180412b bul|||||r ||||||| ||bul|| | ||
| 010 | _aKNG00009935000 | ||
| 020 |
_a954-638-020-2 _bиздат.: Софи-Р |
||
| 040 | _aBLK | ||
| 041 |
_aBUL _cBUL |
||
| 080 |
_aОпазване на обществения ред и спокойствие _b351.75 _x:343.21(497.2)(094.4) _z351.75:343.21(497.2)(094.4) |
||
| 080 |
_aОпазване на обществения ред и спокойствие _b351.75 _x:343.1(497.2)(094.4) _z351.75:343.1(497.2)(094.4) |
||
| 700 | 1 |
_aКерчева, Антония _eред. _9253617 |
|
| 710 | 1 |
_aБългария. Закони и др. п. _9243213 |
|
| 139 |
_aБългария. Закони и др. п. _bБ 92 |
||
| 245 | 1 | 0 |
_aСборник наказателни закони _cред. Антония Керчева. |
| 257 | _aBGR | ||
| 260 |
_аСофия _bСофи-Р _c1995 |
||
| 300 |
_a479 с. _c20 см |
||
| 380 | _a3 | ||
| 650 | 4 |
_aНаказателен кодекс - България _9245467 |
|
| 650 | 4 |
_aНаказателно-процесуален кодекс - България _9247438 |
|
| 650 | 4 |
_aНаказателно право - България - законодателни и директивни материали _9253618 |
|
| 653 | _aнаказателно-процесуално право | ||
| 852 | _aЦб 184851 | ||
| 856 | 4 |
_qpdf _u |
|
| 856 | 4 |
_qpdf _u |
|
| 942 |
_cKNG _n0 _04 |
||
| 944 |
_aCR _c15.01.2003 _lф / _kСимона_Петрова |
||
| 944 |
_aED _c05.08.2014 _lф / _k |
||
| 999 |
_c8578 _d8578 |
||